书目信息 |
| 题名: |
心脑血管病效方300首
|
|
| 作者: | 王良骏 主编 | |
| 分册: | ||
| 出版信息: | 北京 科学技术文献出版社 2000.08 |
|
| 页数: | 367页 | |
| 开本: | 32开 | |
| 丛书名: | ||
| 单 册: | ||
| 中图分类: | R289.5 | |
| 科图分类: | 2895 | |
| 主题词: | 方剂学 | |
| 电子资源: | ||
| ISBN: | 7-5023-3529-3 | |
| 000 | 00594nam0 2200205 45 | |
| 001 | 0012191025 | |
| 005 | 20001219103247.4 | |
| 010 | @a7-5023-3529-3@d18.00元 | |
| 100 | @a20001219d2000 km y0chiy0120 ea | |
| 101 | 0 | @achi |
| 105 | @a z 000yy | |
| 200 | 1 | @a心脑血管病效方300首@AXin Nao Xue Guan Bing Xiao Fang 300 Shou@f王良骏主编@FWang Liang Jun Zhu Bian |
| 210 | @a北京@c科学技术文献出版社@d2000.08 | |
| 215 | @a367页@d32开 | |
| 606 | 0 | @a方剂学 |
| 690 | @aR289.5@v3 | |
| 692 | @a2895 | |
| 701 | 0 | @a王良骏@4主编 |
| 801 | @aCN@bPftUser@c20001219 | |
| 905 | @b308930-931@dR289.5@eW349@f2 | |
| 心脑血管病效方300首/王良骏主编.-北京:科学技术文献出版社,2000.08 |
| 367页;32开 |
| ISBN 7-5023-3529-3:18.00元 |
| ● |
| 相关链接 |
|
|
|
正题名:心脑血管病效方300首
索取号:R289.5/W349
 
预约/预借
| 序号 | 登录号 | 条形码 | 馆藏地/架位号 | 状态 | 备注 |
| 1 | 308930 | 203089308 | 自科库401/401自科库 13排2列2层/ [索取号:R289.5/W349] | 在馆 | |
| 2 | 308931 | 203089317 | 自科库401/401自科库 13排2列2层/ [索取号:R289.5/W349] | 在馆 |